| 000 | 00962nam a2200241 a 4500 | ||
|---|---|---|---|
| 001 | 2709 | ||
| 003 | OSt | ||
| 005 | 20131015133011.0 | ||
| 008 | 130130s2009||||sp |||||||||||||||||spa|d | ||
| 020 | _a9788481084399 | ||
| 040 |
_aCDMR _bcat _cCDMR |
||
| 245 | 3 |
_aEl ocaso del periodismo tradicional _b: I Aula de Ciencias de la Información (2008) |
|
| 260 |
_aAlmería _bInstituto de Estudios Almerienses _c2009 |
||
| 300 | _a211 p. | ||
| 490 | 0 |
_aInstituto de Estudios Almerienses. Ciencias Sociales _v12 |
|
| 500 | _aRecopil·lació de les aportacions a les jornades celebrades els dies 6,7,14 y 15 d'octubre i 25 de novembre de 2008 a Almería | ||
| 650 | 0 | 4 |
_93445 _aPeriodisme _xCongressos _zAlmeria |
| 650 | 0 | 4 |
_92803 _aMitjans de comunicació de massa locals _zAlmeria |
| 700 | 1 |
_93776 _aBlanco Martín, Miguel Ángel _ecoor. |
|
| 700 | 1 |
_93777 _aRomán García, José Manuel _ecoor. |
|
| 710 | 2 |
_92091 _aAsociación de la Prensa de Almería |
|
| 942 |
_cMON _2udc |
||
| 999 |
_c2709 _d2709 |
||